The traffic in culture : refiguring art and anthropology

Αποθηκεύτηκε σε:
Λεπτομέρειες βιβλιογραφικής εγγραφής
Άλλοι συγγραφείς: Marcus, George E. (Επιμελητής έκδοσης), Myers, Fred R. 1948- (Επιμελητής έκδοσης)
Μορφή: Βιβλίο
Γλώσσα:English
Δημοσίευση: Berkeley : University of California Press, 1995
Θέματα:
Ετικέτες: Προσθήκη ετικέτας
Δεν υπάρχουν, Καταχωρήστε ετικέτα πρώτοι!

MARC

LEADER 00000nam a2200000 i 4500
001 1/12021
008 980126s1995 eng d
020 |a 0-520-08847-6 
035 |1 ΠΑΡ  |a 1997  |l 10018473 
040 |a GR-MY-UA  |b gre  |e aacr 
041 0 |a eng 
082 0 |a 701.03 
245 1 4 |a The traffic in culture :  |b refiguring art and anthropology /  |c Edited by George E. Marcus and Fred R.Myers 
260 |a Berkeley :   |b University of California Press,   |c 1995 
300 |a 380 p. 
504 |a Includes bibliographical references and index 
650 0 0 |a Art and anthropology. 
650 0 0 |a Postmodernism. 
700 1 |a Marcus, George E.  |4 edt 
700 1 |a Myers, Fred R.  |d 1948-  |4 edt 
852 |a INST  |b LESVOS  |e 19980126  |h 701.03 TRA  |p 005100015255  |q 005100015255  |t BK  |y 0 
909 |a Λ  |b 052152 
950 |a 146-1996-07-16